000 01872nam a2200481 a 4500
001 000112824
003 CHAP
005 20220329144323.0
008 170111s2016 mx a fsm |||||||spa d
010 _a109285
011 _a110257
040 _cCHAP
090 _aTesis
100 1 _aVazquez Mendoza, Paulina.
_9131318
245 1 0 _aAprovechamiento de nopal y tuna en la alimentación de ovinos /
_h[En línea]
_cpor Paulina Vaquez Mendoza.
260 _aChapingo, Méx. :
_bEl autor,
_c2016.
500 _aPara ver el contenido del material haga clic en la liga
502 _aTesis (Ph.D. en Innovación Ganadera) -- UACH. Departamento de Zootecnia
590 _aBATCH-UPD
_b05
_c20170111
_lUCH01
_h1448
590 _aBATCH-UPD
_b05
_c20170217
_lUCH01
_h1346
590 _aE11695DGD
_b10
_c20170222
_lUCH01
_h1204
590 _aE6096MTM
_b05
_c20170217
_lUCH01
_h1341
590 _aE8697GMM
_b05
_c20170111
_lUCH01
_h1440
590 _aE8697GMM
_b05
_c20170111
_lUCH01
_h1456
590 _aE8697GMM
_b05
_c20170111
_lUCH01
_h1501
590 _aE8697GMM
_b05
_c20170111
_lUCH01
_h1505
590 _aE8697GMM
_b05
_c20170112
_lUCH01
_h1200
590 _aE8697GMM
_b05
_c20170127
_lUCH01
_h1119
590 _aE8697GMM
_b05
_c20170127
_lUCH01
_h1121
590 _aE8697GMM
_b05
_c20170127
_lUCH01
_h1122
590 _aE8697GMM
_b05
_c20170127
_lUCH01
_h1123
590 _aE8697GMM
_b05
_c20170127
_lUCH01
_h1426
590 _aE8697GMM
_b05
_c20170206
_lUCH01
_h0904
590 _aE8697GMM
_b05
_c20170214
_lUCH01
_h0853
650 1 4 _aAlimentos y alimentación del ganado
_xDigestibilidad.
_94333
650 1 4 _aAlimentos y alimentación del ganado
_xFermentación
_94336
650 1 4 _aGanado lanar
_xAlimentación.
_945153
650 1 4 _aNopal como forraje.
_981712
856 _aFinding aid
_uhttp://10.13.5.2/tesis/sist112824.pdf
_zTeclea aquí
901 _aBK
942 _cTESIS
942 _n0
999 _c109285
_d109285